Risk Management of Remittance Centers in the First District of Rizal (Record no. 58519)

MARC details
000 -LEADER
fixed length control field 00823nam a22002177a 4500
003 - CONTROL NUMBER IDENTIFIER
control field URS
005 - DATE AND TIME OF LATEST TRANSACTION
control field 20220825192532.0
008 - FIXED-LENGTH DATA ELEMENTS--GENERAL INFORMATION
fixed length control field 220825b |||||||| |||| 00| 0 eng d
100 ## - MAIN ENTRY--PERSONAL NAME
9 (RLIN) 2126
Personal name Entoma, Alwien S.
Relator term author
245 ## - TITLE STATEMENT
Title <a href="Risk Management of Remittance Centers in the First District of Rizal">Risk Management of Remittance Centers in the First District of Rizal</a>
Statement of responsibility, etc Alwien S. Entoma, Niña Beatrice D.L Gerola
260 ## - PUBLICATION, DISTRIBUTION, ETC. (IMPRINT)
Date of publication, distribution, etc 2018
300 ## - PHYSICAL DESCRIPTION
Extent xii, 75 leaves
Dimensions 28 cm
336 ## - CONTENT TYPE
Source rdacontent
Content type term text
337 ## - MEDIA TYPE
Source rdamedia
Media type term unmediated
338 ## - CARRIER TYPE
Source rdacarrier
Carrier type term volume
502 ## - DISSERTATION NOTE
Dissertation note Thesis
Degree type Bachelor of Science in Office Administration Major in Financial Management
Name of granting institution University of Rizal System, Binangonan
Year degree granted 2018
504 ## - BIBLIOGRAPHY, ETC. NOTE
Bibliography, etc includes bibliographical references
700 ## - ADDED ENTRY--PERSONAL NAME
9 (RLIN) 2127
Personal name Gerola, Niña Beatrice D.L
Relator term author
700 ## - ADDED ENTRY--PERSONAL NAME
9 (RLIN) 1543
Personal name Eden C. Santos, DBA
Relator term adviser
942 ## - ADDED ENTRY ELEMENTS (KOHA)
Source of classification or shelving scheme Library of Congress Classification
Koha item type Theses and dissertations
Holdings
Withdrawn status Source of classification or shelving scheme Damaged status Not for loan Home library Current library Date acquired Total Checkouts Barcode Date last seen Price effective from Koha item type
  Library of Congress Classification     Binangonan College Library Binangonan College Library 08/25/2022   URSBIN-UGT2301 08/25/2022 08/25/2022 Theses and dissertations

University of Rizal System
Email us at univlibservices@urs.edu.ph

Visit our Website www.urs.edu.ph/library